000 00488nam a2200145Ia 4500
008 100122s9999 xx 000 0 und d
082 _b23325
_a823
100 _aसंत वि द
245 _aकाजव्याच्या ज्योती
260 _bश्रीराम प्रकाशन
_c1965
300 _a157
630 _aकाजव्याच्या ज्योती
730 _aकाजव्याच्या ज्योती
942 _cBOOK
999 _c410927
_d410924